000 00485nam a2200133 a 4500
008 120416s1973 ||||||||||||||||| || u
050 _aNA 1555 Kaw
100 _aKawazoe, Noboru
245 1 0 _aContemporary Japanese architecture
260 _aTokyo
_bKokusai Koryu Kikin
_c1973
300 _aviii, 95p. : ill.
350 _a0.00
995 _D0.00
_FCBU-MAIN LIBRARY (Kitwe)
_H1
_I0.00
_M1
_UAVAILABLE
_ZMain Library Open Access Collection
999 _c38648
_d38648